| 000 | 00727nam a2200241Ia 4500 | ||
|---|---|---|---|
| 003 | OSt | ||
| 005 | 20220927105457.0 | ||
| 006 | a|||||r|||| 00| 0 | ||
| 007 | ta | ||
| 008 | 220926b |||||||| |||| 00| 0 eng d | ||
| 024 | _a184344 | ||
| 037 | _cReference Collections | ||
| 040 |
_aRTL _cRTL _beng |
||
| 041 |
_2eng _aeng |
||
| 082 | _a"V1N45,93:3.N77r, L7/UN" | ||
| 110 |
_a"UNITED NATIONS, COMMISSION FOR SOCIAL DEVELOPMENT" _9372795 |
||
| 245 | 0 | _a"Report,1977." | |
| 260 |
_aNew _bYork UN _c1977 |
||
| 300 |
_a"iv,83p." _ccm. |
||
| 700 |
_a"UNITED NATIONS, COMMISSION FOR SOCIAL DEVELOPMENT" _9372796 |
||
| 942 |
_h"V1N45,93:3.N77r, L7/UN" _cCC |
||
| 999 |
_c692742 _d692742 |
||